Allgemeinwissen #4 - Statistiken

Allgemein
  • Dieses Quiz wurde 888 mal gespielt
  • Das Durchschnittsergebnis liegt bei 9 aus 20
Antwortstatistiken
Hint Antwort % Korrekt
Wie heißt die Hauptstadt von Griechenland? Athen
99%
2⁴ 16
88%
16
88%
Wie heißt die Hauptstadt der Vereinigten Staaten von Amerika? Washington DC
86%
Wie heißt die Hauptstadt Italiens? Rom
84%
Was ist das Symbol von Beryllium? Be
68%
In welchem Film von Steven Spielberg aus dem Jahr 1993 werden Dinosaurier zum Leben erweckt? Jurassic Park
66%
Welchen Vornamen verwendeten mindestens 18 verschiedene französische Könige? Ludwig
62%
Wenn ein Würfel eine Seitenlänge von 4 hat, was ist sein Volumen? 64
59%
Gründer Apple Steve Jobs
59%
In welchem Jahr hat sich die Sowjetunion aufgelöst? 1991
52%
Wie heißt die größte (Einwohner) Stadt mit D? Düsseldorf
44%
Fest im Judentum mit den Anfangsbuchstaben Pe Pessach
19%
Wann begann der 2. Weltkrieg 01.09.1939
16%
Wann endete der 2. Weltkrieg 02.09.1945
12%
Wann endete der 1. Weltkrieg 11.11.1918
8%
Welche französische Verteidigung, die Deutschland von seinem Territorium fernhalten sollte, überlistete Deutschland, als es im Zweiten Weltkrieg über Belgien einmarschierte? Maginot-Linie
8%
Wann begann der 1. Weltkrieg? 28.07.1914
4%
Was ist die Summenformel von Tantalhafniumcarbid? Ta4HfC5
1%
Wann kam Mario Kart Double Dash raus? 07.11.2003
0%
Keine übereinstimmenden Quizze gefunden
Verteilung der Resultate
Anzahl Personen mit jedem Resultat
Perzentil nach korrekt beantworteten Fragen
Ihre Resultats-Entwicklung
Sie haben dieses Quiz noch nicht gespielt